000 00873nam a2200241 a 4500
001 000034823
005 20200930073927.0
008 111020s1957 ag 000 0 spa d
040 _aDO-SdBNP
_bspa
_cBNPHU
082 _a189
_bV572h
100 1 _aVerweyen, Johannes María,
_d1883-1945
_960342
240 1 0 _aDie philosophie des mittelalters
_lespañol
245 1 0 _aHistoria de la filosofía medieval /
_cJ. M. Verweyen ; tradución Emilio Estiú.
260 _aBuenos Aires :
_bNova,
_c1957.
300 _a292 p. ;
_c24 cm.
490 1 _aLa vida del espíritu
590 _aPerteneció a la biblioteca personal de Juan Isidro Jimenes Grullón.
500 _aTraducido del alemán.
650 4 _aFilosofía medieval
_xHistoria
_960343
700 1 _aEstiú, Emilio,
_etr.
_960344
830 0 _aLa vida del espíritu
_98693
910 _aValidado. Control de calidad BNPHU
999 _c34314
_d34314